| 000 | 00671nam a2200181 a 4500 | ||
|---|---|---|---|
| 001 | 000044223 | ||
| 005 | 20201002045228.0 | ||
| 008 | 140610s2010 cu 000 0 spa d | ||
| 020 | _a9789590612732 | ||
| 040 |
_aDO-SdBNP _bspa _cBNPHU |
||
| 082 |
_axxxx _bxxxx |
||
| 245 | 0 | 0 |
_aLa condición humana en el pensamiento cubano del siglo xx : _bprimer tercio del siglo / _c[edición Enid Vian]. |
| 260 |
_aLa Habana, Cuba : _bEditorial de Ciencias Sociales, _c2010. |
||
| 300 |
_av. ; _c23 cm. |
||
| 500 | _aIncluye referencias bibliográficas y notas al apie de las páginas | ||
| 504 | _aIncluye bibliografía al final de cada cápitulo | ||
| 700 | 1 | 2 |
_aVian, Enid _eed. _928106 |
| 999 |
_c43712 _d43712 |
||